000 00247nam a22001217a 4500
008 170524b xxu||||| |||| 00| 0 eng d
041 _aeng
080 _23RD
_a621
100 _a26
101 _aim
245 _aMECHANICS
_cBOYD
942 _2udc
_cBK
999 _c14175
_d14175